Tudors Timeline - Statistics

General Stats
  • This quiz has been taken 109 times
  • The average score is 1 of 36
Answer Stats
Dates Answer % Correct
1485 Battle of Bosworth
98%
1588 Spanish Armada
12%
1486 Marriage between Henry VII and Elizabeth of York
7%
1536 Pilgrimage of Grace
6%
1513 Battle of Spurs
4%
1520 Field of Cloth of Gold
4%
1586 Babington Plot
2%
1502 Death of Prince Arthur
2%
1501 Marriage alliance with Spain
2%
1540 Completion of the Dissolution of the Monasteries/Fall of Thomas Cromwell
1%
1530 Death of Wolsey
1%
1509 Henry VIII married Catherine of Aragon
1%
1558 Loss of Calais
1%
1535 Sir Thomas More executed
1%
1601 An Act for the Relief of the Poor
0%
1556 Burning of the Protestant Archbishop Cranmer
0%
1555 Burning of the Protestant bishops Latimer and Ridley
0%
1492 Columbus' first voyage to America
0%
1553 Duke of Northumberland tried to install Lady Jane Grey as Queen
0%
1547 Duke of Somerset made Lord Protector for Edward VI
0%
1559 Elizabeth I's Church Settlement
0%
1587 Execution of Mary, Queen of Scots
0%
1529 Fall of Wolsey
0%
1549 First Prayer Book in English/ Kett's Rebellion against encolsures
0%
1577-80 Francis Drake's World Voyage
0%
1503 Marriage alliance with Scotland
0%
1517 Martin Luther criticised the Pope
0%
1568 Mary Queen of Scots fled to England
0%
1534 Parliament passed the Act of Supremacy
0%
1569 Rebellion of the Northern Earls
0%
1545 Sinking of the Mary Rose
0%
1570 The Pope excommunicated Elizabeth I
0%
1522 The Pope gave Henry VIII the title 'Defender of the Faith' for writing against Luther
0%
1533 Thomas Cranmer made Archbishop of Canterbury
0%
1603 Union of the English and Scots crowns
0%
1554 Wyatt's revolt
0%
No matching quizzes found
Score Distribution
Percent of People with Each Score
Percentile by Number Answered
Your Score History
You have not taken this quiz